000 00421nam a2200169Ia 4500
008 210210b1964 xxu||||| |||| 00| 0 eng d
041 _aeng
082 _a824/283
100 _aSEN (Gupta S C)
245 _aShakespeares historical plays
260 _aLondon
_bOxford University Press
_c1964
650 _aShakespeares
650 _aplays
650 _ahistorical
690 _aEnglish Criticism
906 _a014233
999 _c133364
_d133364